| 000 | 00814nam a2200265Ia 4500 | ||
|---|---|---|---|
| 001 | dia_2902 | ||
| 003 | CHAP | ||
| 005 | 20230519113640.0 | ||
| 008 | 220117s1984 xx 000 0 und d | ||
| 010 | _a173402 | ||
| 040 | _cCHAP | ||
| 082 | _a664.85 F3Y | ||
| 110 |
_aFAO _939428 |
||
| 245 |
_aTécnicas Tradicionales de Postcosecha para la Conservación de los Alimentos Básicos Perecederos de los Trópicos / _c por FAO |
||
| 260 |
_aRoma, FAO _c1984 |
||
| 300 | _a73 p. | ||
| 410 | _aBOLETIN DE SERVICIOS Agrícolas; 59 | ||
| 650 |
_aAlimentos conservación _9153719 |
||
| 650 |
_aAlimentos _xalmacenamiento _94162 |
||
| 650 |
_aCultivos tropicale _9153720 |
||
| 901 | _a664.85 F3Y | ||
| 902 | _aM | ||
| 905 | _a0000001984 ROMA 0000000000ESP00 | ||
| 942 |
_cLIBRO _2ddc |
||
| 999 |
_c173402 _d173402 |
||